[Event "Florianopolis op 10th"]
[Site "Florianopolis"]
[Date "2024.01.21"]
[Round "2"]
[White "Zabala, Antonio Murara"]
[Black "Mantovani, Helio Cardoso"]
[Result "1-0"]
[WhiteElo "1797"]
[BlackElo "1382"]
[PlyCount "85"]
[EventDate "2024.01.20"]
[EventType "swiss"]
[EventRounds "10"]
[EventCountry "BRA"]
[SourceTitle "CB05_2024"]
[SourceDate "2024.01.31"]
[SourceVersion "1"]
[SourceVersionDate "2024.01.31"]
[SourceQuality "1"]

1. e4 e5 2. Nf3 Nc6 3. Bb5 d6 4. 0-0 Bg4 5. h3 Bxf3 6. Qxf3 Nf6 7. Nc3 Be7 8. a3 0-0 9. Bc4 Re8 10. Ne2 Bf8 11. d3 g6 12. c3 h6 13. h4 Qe7 14. Ng3 Nh7 15. h5 g5 16. Nf5 Qf6 17. Qg4 Kh8 18. Bd2 Ne7 19. Ng3 Bg7 20. Rae1 Nc6 21. Re3 Rf8 22. Rf3 Qe7 23. Nf5 Qe8 24. Re3 Ne7 25. Ng3 Qc8 26. Qe2 f5 27. exf5 Nxf5 28. Nxf5 Rxf5 29. d4 Qf8 30. Bd3 exd4 31. cxd4 Rf7 32. Bg6 Rd7 33. Qd3 Nf6 34. Rfe1 a6 35. d5 c6 36. dxc6 bxc6 37. Bc3 d5 38. Re6 Rd6 39. Bxf6 Bxf6 40. Re8 Rxe8 41. Rxe8 Qxe8 42. Bxe8 Re6 43. Qg6 1-0

[Event "Florianopolis op 9th"]
[Site "Florianopolis"]
[Date "2023.01.29"]
[Round "10"]
[White "Da Silva, Luiz Matheus"]
[Black "Zabala, Antonio Murara"]
[Result "1/2-1/2"]
[WhiteElo "1986"]
[BlackElo "1761"]
[PlyCount "75"]
[EventDate "2023.01.23"]
[EventType "swiss"]
[EventRounds "10"]
[EventCountry "BRA"]
[SourceTitle "CBM 212 Extra"]
[Source "ChessBase"]
[SourceDate "2023.03.31"]
[SourceVersion "1"]
[SourceVersionDate "2023.03.31"]
[SourceQuality "1"]

1. c4 Nf6 2. Nc3 g6 3. g3 Bg7 4. Bg2 0-0 5. e4 d6 6. Nge2 e5 7. 0-0 Be6 8. d3 Nc6 9. h3 Qd7 10. Kh2 Nh5 11. Be3 h6 12. f4 f5 13. exf5 gxf5 14. Qd2 Kh7 15. Nd5 a5 16. Nec3 Nd4 17. Qd1 Qf7 18. Nxc7 Qxc7 19. fxe5 dxe5 20. Qxh5 Nc2 21. Rae1 Nxe1 22. Rxe1 f4 23. Bxf4 exf4 24. Rxe6 fxg3+ 25. Kh1 Rf2 26. Ne4 Raf8 27. Nxf2 gxf2 28. Qg6+ Kg8 29. Re8 Qf4 30. Rxf8+ Kxf8 31. Bf1 Qf3+ 32. Qg2 Qxg2+ 33. Kxg2 Bd4 34. b3 Ke7 35. Kf3 Kd6 36. Ke4 Kc5 37. a3 Bb2 38. b4+ 1/2-1/2

[Event "Florianopolis Autumn op U1800"]
[Site "Florianopolis"]
[Date "2022.05.14"]
[Round "2"]
[White "Brand, Leticia Soethe"]
[Black "Zabala, Antonio Murara"]
[Result "0-1"]
[WhiteElo "1642"]
[BlackElo "1586"]
[PlyCount "65"]
[EventDate "2022.05.13"]
[EventType "swiss"]
[EventRounds "6"]
[EventCountry "BRA"]
[SourceTitle "CBM 208 Extra"]
[Source "ChessBase"]
[SourceDate "2022.07.31"]
[SourceVersion "1"]
[SourceVersionDate "2022.07.31"]
[SourceQuality "1"]

1. e4 c5 2. Nf3 d6 3. d4 cxd4 4. Nxd4 Nf6 5. Nc3 a6 6. Be2 e5 7. Nb3 Be6 8. Be3 Be7 9. Nd5 Nxd5 10. exd5 Bf5 11. 0-0 0-0 12. c4 Nd7 13. Qd2 a5 14. a4 b6 15. Nc1 Nc5 16. b4 axb4 17. Qxb4 Ra6 18. Nb3 Bc2 19. Qb5 Qa8 20. Rac1 Bxb3 21. Bxc5 Bxa4 22. Qb2 bxc5 23. Rb1 Bd7 24. Qb7 Ra7 25. Qb3 Bf5 26. Rb2 Bd8 27. g4 Bg6 28. Qg3 Ra3 29. Rb3 Rxb3 30. Qxb3 Ba5 31. Ra1 Qd8 32. Ra4 Bd2 33. Qg3 0-1

[Event "Florianopolis Autumn op U1800"]
[Site "Florianopolis"]
[Date "2022.05.14"]
[Round "4"]
[White "Zabala, Antonio Murara"]
[Black "De Oliveira, Jairo Quintiliano"]
[Result "1-0"]
[WhiteElo "1586"]
[BlackElo "1757"]
[PlyCount "101"]
[EventDate "2022.05.13"]
[EventType "swiss"]
[EventRounds "6"]
[EventCountry "BRA"]
[SourceTitle "CBM 208 Extra"]
[Source "ChessBase"]
[SourceDate "2022.07.31"]
[SourceVersion "1"]
[SourceVersionDate "2022.07.31"]
[SourceQuality "1"]

1. e4 e5 2. Nf3 Nc6 3. Bb5 a6 4. Ba4 Nf6 5. 0-0 Nxe4 6. Re1 Nc5 7. Bxc6 dxc6 8. Nxe5 Be7 9. Qe2 Be6 10. c3 Nd7 11. d4 Nxe5 12. dxe5 Bc5 13. Nd2 h6 14. Ne4 Qe7 15. Be3 Bxe3 16. Qxe3 0-0 17. Qf4 Rfd8 18. Re3 Qf8 19. Rg3 Kh8 20. Re1 Rd5 21. h3 Rad8 22. Ree3 g6 23. Nf6 Rd1+ 24. Kh2 Rf1 25. Rd3 Rxd3 26. Rxd3 Kg7 27. a3 Qe7 28. Rd2 Re1 29. g4 Bc8 30. Ne4 b6 31. b4 Be6 32. Nf6 Bb3 33. Qxh6+ Kxh6 34. Ng8+ Kg5 35. Nxe7 Rxe5 36. Nxc6 Rd5 37. Nd4 Bc4 38. Kg3 Kf6 39. f4 a5 40. Nf3 Rxd2 41. Nxd2 Be2 42. Kf2 Bd1 43. Ke3 Ke6 44. Kd4 axb4 45. axb4 Be2 46. Ne4 f5 47. Ng5+ Kf6 48. gxf5 Kxf5 49. Kd5 Bb5 50. Ne6 c6+ 51. Kd6 1-0

[Event "Santa Catarina-ch U18"]
[Site "Blumenau"]
[Date "2022.03.26"]
[Round "3"]
[White "Zabala, Antonio Murara"]
[Black "Cardoso, Lucas Emanuel Alves"]
[Result "0-1"]
[WhiteElo "1662"]
[BlackElo "1499"]
[PlyCount "92"]
[EventDate "2022.03.25"]
[EventType "swiss"]
[EventRounds "6"]
[EventCountry "BRA"]
[SourceTitle "EXT 2023"]
[Source "ChessBase"]
[SourceDate "2022.10.05"]
[SourceVersion "1"]
[SourceVersionDate "2022.10.05"]
[SourceQuality "1"]

1. Nf3 d5 2. c4 e6 3. b3 Nf6 4. g3 Be7 5. Bg2 0-0 6. 0-0 b6 7. Bb2 Bb7 8. d3 c5 9. Nbd2 Nbd7 10. Qc2 Rc8 11. e4 Qc7 12. e5 Ng4 13. Rae1 d4 14. Ne4 Ngxe5 15. Nxe5 Nxe5 16. Qe2 Nd7 17. Bc1 Nf6 18. f3 a6 19. g4 b5 20. g5 Nxe4 21. fxe4 a5 22. Rf3 a4 23. Rh3 g6 24. Qf2 h5 25. Qh4 axb3 26. Bf3 bxc4 27. Bxh5 Kg7 28. Bxg6 Rh8 29. Bh7 Kf8 30. Qh6+ Ke8 31. Qg7 Kd7 32. axb3 cxb3 33. Qxf7 Rcf8 34. Qg7 Qa5 35. Rd1 Qa2 36. Qxh8 Rxh8 37. g6 Bf6 38. Rf3 Be5 39. Rf2 Qa4 40. Bf4 b2 41. Rb1 Bxf4 42. Rbxb2 Be3 43. Rxb7+ Kc6 44. Rbb2 Rf8 45. g7 Qd1+ 46. Kg2 Qg4+ 0-1

[Event "Santa Catarina-ch U18"]
[Site "Blumenau"]
[Date "2022.03.25"]
[Round "1"]
[White "Zabala, Antonio Murara"]
[Black "Butzke, Lucas de Castro"]
[Result "0-1"]
[WhiteElo "1662"]
[BlackElo "1427"]
[PlyCount "62"]
[EventDate "2022.03.25"]
[EventType "swiss"]
[EventRounds "6"]
[EventCountry "BRA"]
[SourceTitle "EXT 2023"]
[Source "ChessBase"]
[SourceDate "2022.10.05"]
[SourceVersion "1"]
[SourceVersionDate "2022.10.05"]
[SourceQuality "1"]

1. e4 e5 2. Nf3 Nc6 3. Bb5 a6 4. Ba4 Nf6 5. 0-0 Be7 6. Re1 b5 7. Bb3 d6 8. c3 0-0 9. h3 h6 10. d4 Re8 11. Nbd2 exd4 12. cxd4 Bf8 13. a4 Bb7 14. Bc2 Qd7 15. Nf1 Nb4 16. Ng3 Nxc2 17. Qxc2 g6 18. Bf4 Bg7 19. Rac1 Re7 20. d5 Rae8 21. h4 Kh7 22. h5 Qg4 23. hxg6+ fxg6 24. Bd2 Rf8 25. axb5 axb5 26. Qd3 Qd7 27. Nh4 Qg4 28. Qxb5 Qxh4 29. Qxb7 Ng4 30. Be3 Qh2+ 31. Kf1 Qxg3 0-1